The Illustrated encyclopedia of birds : the definitive guide to birds of the world
| Format: | Book |
|---|---|
| Published: |
London :
Headline ,
1990
|
| Subjects: |
MARC
| LEADER | 00000cam a2200000 7i4500 | ||
|---|---|---|---|
| 001 | 0000002172 | ||
| 002 | 000002369 | ||
| 005 | 20000330.0 | ||
| 020 | |a 074720277X | ||
| 090 | 0 | 0 | |a 598 |b ILL |
| 245 | 1 | 4 | |a The Illustrated encyclopedia of birds : |b the definitive guide to birds of the world |
| 260 | |a London : |b Headline , |c 1990 | ||
| 300 | |a 420p. : |b ill ; |c 30cm. | ||
| 650 | 0 | 0 | |a Birds |x Encyclopedias |
| 999 | |a 033720 |b BUKU |c RUJUKAN |e PERPUSTAKAAN KOMUNITI PETALING JAYA | ||